| 000 | 00766nam a2200229 a 4500 | ||
|---|---|---|---|
| 008 | |||
| 020 | _a047153174X (cased) | ||
| 049 | _aMAIN | ||
| 090 | _aHG1616.C87 | ||
| 100 | 1 | _aViolano, Michael. | |
| 245 | 1 | 0 |
_aRetail banking technology : _bstrategies and resources that seize the competitive advantage / _cMichael Violano and Shimon-Craig Van Collie. |
| 260 |
_aNew York : _bWiley, _c1992. |
||
| 300 |
_axi, 223 p. : _bill. ; _c24 cm. |
||
| 504 | _aIncludes indexes. | ||
| 650 | 0 |
_aBanks and banking _zUnited States _xCustomer services. |
|
| 700 | 1 | _aVan Collie, Shimon-Craig. | |
| 907 |
_a.b10060352 _b09-06-04 _c17-04-03 |
||
| 003 | |||
| 005 | 20230123133632.0 | ||
| 040 | _cNUST | ||
| 942 |
_cBOOKS _kHG1616.C87 |
||
| 999 |
_c152023 _d152023 |
||